| 000 | 00603nam a2200217Ia 4500 | ||
|---|---|---|---|
| 003 | OSt | ||
| 005 | 20260309121407.0 | ||
| 008 | 210210b1958 xxu||||| |||| 00| 0 eng d | ||
| 040 | _cAL | ||
| 041 | _aHindi | ||
| 082 | _a864/125 | ||
| 100 |
_aRAMDARI SIMHA DINKAR _dरामधारी सिंह दिनकर _9258329 |
||
| 245 |
_aKavya ke bhoomika _bकाव्य भूमिका |
||
| 260 |
_aPatna _bUdaychal _c1958 |
||
| 650 |
_ake _9258330 |
||
| 650 |
_aKavya _9258331 |
||
| 650 |
_abhoomika _9258332 |
||
| 690 |
_aHindi Literature _9258333 |
||
| 906 | _a002934 | ||
| 942 |
_2ddc _cBK |
||
| 999 |
_c125237 _d125237 |
||